Sin patria pero sin amo

Na minha lista:
Detalhes bibliográficos
Autor principal: Medrano, Humberto (autor)
Formato: Livro
Idioma:espanhol
Publicado em: Miami Service Offset Printers 1963
Assuntos:
Tags: Adicionar Tag
Sem tags, seja o primeiro a adicionar uma tag!

MARC

LEADER 00000nam a2200000 a 4500
001 UCO1161
003 CL-VaPUC
008 000512e19630000US |||||||||||||||||spa|d
082 0 4 |a 972.91064  |b MED  |2 21 
100 |a Medrano, Humberto  |e autor  |9 443029 
245 1 0 |a Sin patria pero sin amo 
300 |a 462 p 
942 |c BK 
945 |d 20000512 00:00:00  |a crobeson 
260 |a Miami  |b Service Offset Printers  |c 1963 
650 7 |a HISTORIA DE CUBA  |2 CL-VaPUC  |9 434680 
650 7 |a REVOLUCION CUBANA  |2 CL-VaPUC  |9 340347 
650 7 |a EXILIADOS  |2 CL-VaPUC  |9 313832 
651 7 |a CUBA  |2 CL-VaPUC  |9 255263 
583 |a last modification  |c 20000512 00:00:00  |k Rodrigo Vera 
999 |c 287790  |d 287788 
952 |0 0  |1 0  |4 0  |6 972_910640000000000_MED_1963  |7 0  |8 A  |9 334835  |a BIBHIS  |b BIBHIS  |d 2019-11-20  |i 1274333  |o 972.91064 MED 1963  |p 1274333  |r 2025-01-20  |w 2019-11-20  |y BK  |k HIS